000 00512nam a2200193Ia 4500
005 20250508165337.0
008 008 250505s9999 xx 000 0 hin d
037 _aTextual
040 _aFEDL
_beng
_cFEDL
041 _ahin
_2hin
084 _a305.4, DHA
_qFEDL
100 _aDharamveer Ed.
_9587467
245 0 _aSeemantani updesh
260 _aNew Delhi, India
_bVani Prakashan
_c2008
300 _a113p.
365 _aINR
_b1995
942 _cTEXL
_h305.4, DHA
999 _c1394582
_d1394582